logo

Bir Sreshtho Munshi Abdur Rouf Library
Jhenaidah Cadet College

The Teaching of Structural Words and Sentence Patterns / (Record no. 4447)

MARC details
000 -LEADER
fixed length control field 00592nam a2200217 a 4500
001 - CONTROL NUMBER
JCCL Control Number 4447
003 - CONTROL NUMBER IDENTIFIER
JCCL marc code BD-JhCC
005 - DATE AND TIME OF LATEST TRANSACTION
control field 20171127181915.0
008 - FIXED-LENGTH DATA ELEMENTS--GENERAL INFORMATION
fixed length control field 171127s1961 enk |||| ||a| 00| 0 eng d
035 ## - SYSTEM CONTROL NUMBER
system control number (BD-JhCC)4447
040 ## - CATALOGING SOURCE
Original cataloging agency BD-JhCC
Modifying agency BD-JhCC
041 ## - LANGUAGE CODE
Language code of Book eng
082 ## - DEWEY DECIMAL CLASSIFICATION NUMBER
Classification number 428.6
Author mark and Year HOR 1961
100 ## - MAIN ENTRY--PERSONAL NAME
Personal name Horbnby, A. S.
245 ## - TITLE STATEMENT
Title The Teaching of Structural Words and Sentence Patterns /
Statement of responsibility, etc A. S. Horbnby
260 ## - PUBLICATION, DISTRIBUTION, ETC. (IMPRINT)
Place of publication, distribution, etc Great Bretain :
Name of publisher, distributor, etc The English Language Book Society
Date of publication, distribution, etc 1961.
300 ## - PHYSICAL DESCRIPTION
Pagination 162 p. :
Dimensions 18 cm.
650 ## - SUBJECT ADDED ENTRY--TOPICAL TERM
Topical term or geographic name as entry element English Language
942 ## - ADDED ENTRY ELEMENTS (KOHA)
Source of classification or shelving scheme Dewey Decimal Classification
Koha item type Books
Holdings
Source of classification or shelving scheme Damaged status Not for loan Home library Current library Shelving location Date of accession Total Checkouts Full call number Barcode Date last seen Copy number Koha item type
Dewey Decimal Classification     JCC Rouf Library JCC Rouf Library General Stacks 11/27/2017   428.6 HOR 1961 6069 11/27/2017 C-1 Books

JCC Library | Contacts | JCC Home

Last Update on 23 September 2017
Copyright @ 2017-2020 JCC Rouf Library
Rouf Library, Jhenidah Cadet College (JCC), Bangladesh